000 00655nam a2200205Ia 4500
005 20220128144019.0
008 210716s2014 xx 000 0 und d
020 _a9789325976023
040 _cAIMIT LIBRARY
041 _aeng
082 _a332.17
_21
_bGOPC
100 _aGopal, C A C Rama.
_915075
245 _aManagement of financial services /
_cBy C A C Rama Gopal.
250 _a1st
260 _aNew Delhi:
_bVikas Publishing House Pvt Ltd,
_c2014.
300 _axxi,569p.;
_c24cm.
650 _aMoney Market Instruments
_915076
650 _aRegulatory Framework for Financial Services in India
_915077
942 _2ddc
_cBK
_e1st
_k332.17 GOPC
999 _c209048
_d209048